000
00337nam a22001457a 4500
008
221207b ||||| |||| 00| 0 eng d
020
_a
9780323461580
041
_a
eng
080
_2
9TH EDITION
_a
610.73
082
_a
610.73IGN
100
_a
9
101
_a
INF
245
_a
MEDICAL SURGICAL NURSING
_c
IGNATAVICIUS
942
_2
udc
_c
BK
999
_c
59127
_d
59127